[Event "Barcelona La Lira op 36th"]
[Site "Barcelona"]
[Date "2018.02.23"]
[Round "6.13"]
[White "Nadal Fajardo, Ricard"]
[Black "Elias Arguelles, Manuel"]
[Result "1-0"]
[WhiteElo "1926"]
[BlackElo "1522"]
[PlyCount "51"]
[EventDate "2018.01.19"]
[EventType "swiss"]
[EventRounds "8"]
[EventCountry "ESP"]
[SourceTitle "EXT 2024"]
[Source "ChessBase"]
[SourceDate "2023.10.10"]
[SourceVersion "1"]
[SourceVersionDate "2023.10.10"]
[SourceQuality "1"]

1. e4 c6 2. d4 d5 3. exd5 cxd5 4. Bd3 Nf6 5. Nf3 Bg4 6. 0-0 g6 7. h3 Bd7 8. Bf4 Bg7 9. Nbd2 0-0 10. c3 Nh5 11. Bh2 Nc6 12. Re1 e6 13. Ne5 Nxe5 14. dxe5 Bh8 15. g4 Ng7 16. Qe2 h5 17. Nf3 hxg4 18. hxg4 a6 19. Bf4 b5 20. Bg5 Qb6 21. Bf6 Rfc8 22. Ng5 d4 23. Qf3 Nh5 24. gxh5 Bxf6 25. Qxf6 Qd8 26. Qxf7+ 1-0

[Event "Barcelona La Lira op 36th"]
[Site "Barcelona"]
[Date "2018.02.16"]
[Round "5.12"]
[White "Elias Arguelles, Manuel"]
[Black "Martinez Hernandez, Emili"]
[Result "0-1"]
[WhiteElo "1522"]
[BlackElo "1729"]
[PlyCount "79"]
[EventDate "2018.01.19"]
[EventType "swiss"]
[EventRounds "8"]
[EventCountry "ESP"]
[SourceTitle "EXT 2024"]
[Source "ChessBase"]
[SourceDate "2023.10.10"]
[SourceVersion "1"]
[SourceVersionDate "2023.10.10"]
[SourceQuality "1"]

1. Nf3 Nf6 2. b3 c5 3. c4 d6 4. Bb2 e5 5. e3 g6 6. d3 Bg7 7. Nbd2 0-0 8. Be2 Ng4 9. h3 Nh6 10. Qc2 Nc6 11. 0-0-0 a5 12. a4 f5 13. Kb1 Qe7 14. e4 Nd4 15. Nxd4 exd4 16. f3 Be5 17. g4 Nf7 18. h4 f4 19. g5 Kg7 20. h5 Qxg5 21. Rdg1 Qf6 22. hxg6 hxg6 23. Rg2 Be6 24. Qd1 Rh8 25. Rgh2 Rxh2 26. Rxh2 Rh8 27. Rxh8 Nxh8 28. Qh1 Nf7 29. Qg2 Qh4 30. Nf1 Bh3 31. Qh1 Qe1+ 32. Ka2 Qxe2 33. Qxh3 Qxd3 34. Qg2 Qd1 35. Nd2 Qc2 36. Ka3 d3 37. Bxe5+ Nxe5 38. Qh2 Nc6 39. Nf1 Qxh2 40. Nxh2 0-1

[Event "Barcelona La Lira op 35th"]
[Site "Barcelona"]
[Date "2017.03.10"]
[Round "8"]
[White "Romero Funieles, Rafael de Jesus"]
[Black "Elias Arguelles, Manuel"]
[Result "1-0"]
[WhiteElo "1733"]
[BlackElo "1638"]
[PlyCount "111"]
[EventDate "2017.01.20"]
[EventType "swiss"]
[EventRounds "8"]
[EventCountry "ESP"]
[SourceTitle "EXT 2018"]
[Source "ChessBase"]
[SourceDate "2017.10.13"]
[SourceVersion "1"]
[SourceVersionDate "2017.10.13"]
[SourceQuality "1"]

1. c4 g6 2. Nf3 Bg7 3. e4 d6 4. Be2 c5 5. 0-0 Nc6 6. Nc3 e6 7. a3 Nge7 8. Rb1 0-0 9. b4 Nd4 10. bxc5 dxc5 11. Nb5 Nec6 12. Nbxd4 Nxd4 13. d3 b6 14. Be3 e5 15. h3 f5 16. exf5 Bxf5 17. Bxd4 exd4 18. Nd2 Rb8 19. Nf3 g5 20. Nh2 h6 21. Bf3 Bg6 22. Rb2 Qc7 23. Bd5+ Kh7 24. Re2 Rbe8 25. Rxe8 Rxe8 26. Be4 Qf7 27. f3 Qf4 28. Re1 Bxe4 29. fxe4 Rf8 30. Ng4 h5 31. Nh2 Qf2+ 32. Kh1 Qf7 33. Rf1 Qg6 34. Rxf8 Bxf8 35. Nf3 Bg7 36. Nh2 Be5 37. Qa4 Qf7 38. Nf3 Bf4 39. Qd1 Kh6 40. Qf1 Qc7 41. h4 g4 42. Ng1 Qe5 43. Ne2 Be3 44. g3 Qe7 45. Qf5 Qg7 46. Kg2 Qg6 47. Qe5 Qg7 48. Qf5 Bd2 49. Nf4 Bxf4 50. Qxf4+ Kh7 51. e5 Qb7+ 52. Kf2 Qf3+ 53. Qxf3 gxf3 54. Kxf3 Kg6 55. Kf4 a6 56. a4 1-0

[Event "Barcelona La Lira op 35th"]
[Site "Barcelona"]
[Date "2017.01.20"]
[Round "1"]
[White "Elias Arguelles, Manuel"]
[Black "Garcia Riera, Josep"]
[Result "0-1"]
[WhiteElo "1638"]
[BlackElo "1949"]
[PlyCount "50"]
[EventDate "2017.01.20"]
[EventType "swiss"]
[EventRounds "8"]
[EventCountry "ESP"]
[SourceTitle "EXT 2018"]
[Source "ChessBase"]
[SourceDate "2017.10.13"]
[SourceVersion "1"]
[SourceVersionDate "2017.10.13"]
[SourceQuality "1"]

1. Nf3 d5 2. b3 Nf6 3. Bb2 e6 4. e3 c5 5. d3 Nc6 6. Nbd2 Bd6 7. Be2 0-0 8. d4 cxd4 9. exd4 Bd7 10. 0-0 Qc7 11. c4 Ne4 12. c5 Be7 13. Rc1 f5 14. Ne1 Bg5 15. Nef3 Bf6 16. Re1 g5 17. h3 g4 18. Nxe4 fxe4 19. Nh2 gxh3 20. g3 Rf7 21. Bg4 Raf8 22. Rc2 Nb4 23. Rd2 Bg5 24. Rde2 Rxf2 25. Rxf2 Qxg3+ 0-1

[Event "Barcelona La Lira op 33rd"]
[Site "Barcelona"]
[Date "2015.02.06"]
[Round "4"]
[White "Montalban Colell, Bernat"]
[Black "Elias Arguelles, Manuel"]
[Result "1/2-1/2"]
[WhiteElo "1855"]
[BlackElo "1665"]
[PlyCount "75"]
[EventDate "2015.01.16"]
[EventType "swiss"]
[EventRounds "9"]
[EventCountry "ESP"]
[SourceTitle "EXT 2016"]
[Source "ChessBase"]
[SourceDate "2015.10.08"]
[SourceVersion "1"]
[SourceVersionDate "2015.10.08"]
[SourceQuality "1"]

1. e4 c6 2. d3 d5 3. Nd2 Nf6 4. g3 dxe4 5. dxe4 Bg4 6. Ngf3 e6 7. Bg2 Bd6 8. 0-0 0-0 9. c3 Qc7 10. Re1 Bxf3 11. Nxf3 Nbd7 12. Bg5 e5 13. Nh4 Rfe8 14. Bh3 h6 15. Bxh6 gxh6 16. Qf3 Bf8 17. Rad1 Bg7 18. Nf5 Nf8 19. Nxh6+ Bxh6 20. Qxf6 Bg7 21. Qf3 Qe7 22. Bf5 Rad8 23. h4 Rxd1 24. Rxd1 Rd8 25. Rxd8 Qxd8 26. Qg4 Qd6 27. h5 Qh6 28. f4 exf4 29. gxf4 Ne6 30. Bxe6 fxe6 31. b3 Kf7 32. c4 Bd4+ 33. Kg2 Qg7 34. Kf3 Qxg4+ 35. Kxg4 Bg7 36. Kg5 Bf6+ 37. Kg4 Bg7 38. Kg5 1/2-1/2

[Event "Barcelona Primavera La Lira op 7th"]
[Site "Barcelona"]
[Date "2014.06.05"]
[Round "7"]
[White "Elias Arguelles, Manuel"]
[Black "Soriano Girbau, Santiago"]
[Result "1-0"]
[WhiteElo "1665"]
[BlackElo "1379"]
[PlyCount "61"]
[EventDate "2014.04.03"]
[EventType "swiss"]
[EventRounds "9"]
[EventCountry "ESP"]
[SourceTitle "EXT 2015"]
[Source "ChessBase"]
[SourceDate "2014.11.20"]
[SourceVersion "1"]
[SourceVersionDate "2014.11.20"]
[SourceQuality "1"]

1. Nf3 e6 2. d4 d5 3. e3 Nf6 4. Nbd2 g6 5. c4 c6 6. Bd3 Bg7 7. 0-0 0-0 8. b4 Bd7 9. a4 a6 10. Qb3 b5 11. axb5 dxc4 12. Nxc4 cxb5 13. Ncd2 a5 14. bxa5 Rxa5 15. Bb2 Rxa1 16. Rxa1 Bc6 17. Bxb5 Bxf3 18. gxf3 Nbd7 19. Bd3 Nh5 20. Ra7 e5 21. Qb7 Qg5+ 22. Kf1 Rd8 23. Ne4 Qh4 24. Qc7 exd4 25. Bxd4 Bxd4 26. exd4 Nf4 27. Bc4 Rb8 28. Bxf7+ Kg7 29. Ba2 Qxh2 30. Qxd7+ Kh8 31. Qg7# 1-0

[Event "Barcelona Primavera La Lira op 7th"]
[Site "Barcelona"]
[Date "2014.04.03"]
[Round "1"]
[White "De la Plaza Gras, Jordi"]
[Black "Elias Arguelles, Manuel"]
[Result "1-0"]
[WhiteElo "1973"]
[BlackElo "1665"]
[PlyCount "77"]
[EventDate "2014.04.03"]
[EventType "swiss"]
[EventRounds "9"]
[EventCountry "ESP"]
[SourceTitle "EXT 2015"]
[Source "ChessBase"]
[SourceDate "2014.11.20"]
[SourceVersion "1"]
[SourceVersionDate "2014.11.20"]
[SourceQuality "1"]

1. d4 Nf6 2. Nf3 d5 3. e3 e6 4. Bd3 Nbd7 5. b3 c5 6. Nbd2 Bd6 7. Bb2 0-0 8. Ne5 cxd4 9. exd4 Ne8 10. 0-0 Nxe5 11. dxe5 Be7 12. f4 f5 13. Nf3 g6 14. Kh1 Ng7 15. Qe2 Bd7 16. Nd4 a6 17. a4 Rc8 18. Ba3 Bxa3 19. Rxa3 Qe7 20. Raa1 Qb4 21. Qf2 Rc3 22. Ne2 Rc7 23. Qd4 Qxd4 24. Nxd4 Rc3 25. b4 Rfc8 26. g3 b6 27. Rfb1 Ra8 28. Kg1 Bc8 29. Kf2 Bb7 30. Ke2 Rac8 31. Kd2 Kf7 32. Nb3 R3c6 33. Rb2 Ke7 34. b5 axb5 35. Bxb5 R6c7 36. Nd4 Ra8 37. Bd3 Bc6 38. Rxb6 Rxa4 39. Nxc6+ 1-0

[Event "Barcelona La Lira op 32nd"]
[Site "Barcelona"]
[Date "2014.03.13"]
[Round "9"]
[White "Elias Arguelles, Manuel"]
[Black "Volart Buil, Jordi"]
[Result "0-1"]
[WhiteElo "1665"]
[BlackElo "1784"]
[PlyCount "72"]
[EventDate "2014.01.16"]
[EventType "swiss"]
[EventRounds "9"]
[EventCountry "ESP"]
[SourceTitle "EXT 2015"]
[Source "ChessBase"]
[SourceDate "2014.11.20"]
[SourceVersion "1"]
[SourceVersionDate "2014.11.20"]
[SourceQuality "1"]

1. Nf3 d5 2. d4 c5 3. dxc5 Qa5+ 4. Bd2 Qxc5 5. e3 Nf6 6. Nc3 a6 7. Be2 b5 8. a3 Nc6 9. 0-0 e5 10. b4 Qd6 11. Re1 Bf5 12. Nh4 Bg6 13. f4 Be4 14. Nxe4 Nxe4 15. fxe5 Nxe5 16. Nf3 Be7 17. Nxe5 Qxe5 18. Bd3 Bf6 19. Ra2 0-0 20. Rf1 Rac8 21. Qe2 Rc6 22. a4 Rfc8 23. axb5 axb5 24. Ra5 Nd6 25. Qg4 Bd8 26. Ra2 h5 27. Qf4 f6 28. Qd4 Bb6 29. Qf4 Re8 30. Qxe5 Rxe5 31. Ra8+ Kf7 32. Rf3 d4 33. exd4 Bxd4+ 34. Kf1 Nc4 35. Bf4 Re7 36. Bxc4+ Rxc4 0-1

[Event "Barcelona La Lira op 32nd"]
[Site "Barcelona"]
[Date "2014.02.13"]
[Round "5"]
[White "Elias Arguelles, Manuel"]
[Black "Nuri Zomeno, Jesus Antonio"]
[Result "1-0"]
[WhiteElo "1665"]
[BlackElo "1700"]
[PlyCount "68"]
[EventDate "2014.01.16"]
[EventType "swiss"]
[EventRounds "9"]
[EventCountry "ESP"]
[SourceTitle "EXT 2015"]
[Source "ChessBase"]
[SourceDate "2014.11.20"]
[SourceVersion "1"]
[SourceVersionDate "2014.11.20"]
[SourceQuality "1"]

1. d4 d5 2. c4 Nf6 3. cxd5 Nxd5 4. e4 Nb6 5. Nc3 Bd7 6. Nf3 e6 7. Be2 Be7 8. 0-0 0-0 9. a3 f6 10. Be3 c6 11. Rc1 Be8 12. Qc2 Bg6 13. Nh4 Bf7 14. f4 N8d7 15. f5 exf5 16. Nxf5 Nc4 17. Nxe7+ Qxe7 18. Bf2 c5 19. d5 Nde5 20. Na4 b6 21. Bxc4 Nxc4 22. Qxc4 Qd7 23. Nc3 a6 24. Qe2 Rfe8 25. Qf3 Re5 26. Bg3 Bh5 27. Qf2 Re7 28. Rce1 Rae8 29. Re3 Rf7 30. Rfe1 Qd8 31. h3 Rd7 32. Qc2 b5 33. Bf2 c4 34. Qd2 Qb6 1-0

[Event "Barcelona La Lira op 31st"]
[Site "Barcelona"]
[Date "2013.02.15"]
[Round "5"]
[White "Elias Arguelles, Manuel"]
[Black "Miguel Bort, Francesco"]
[Result "0-1"]
[WhiteElo "1725"]
[BlackElo "1929"]
[PlyCount "46"]
[EventDate "2013.01.18"]
[EventType "swiss"]
[EventRounds "8"]
[EventCountry "ESP"]
[SourceTitle "EXT 2014"]
[Source "ChessBase"]
[SourceDate "2013.11.20"]
[SourceVersion "1"]
[SourceVersionDate "2013.11.20"]
[SourceQuality "1"]

1. Nf3 f5 2. b3 Nf6 3. Bb2 e6 4. d4 d5 5. Nbd2 Bd6 6. e3 0-0 7. c4 c6 8. Be2 Nbd7 9. 0-0 Ne4 10. Nxe4 fxe4 11. Nd2 Qg5 12. Bg4 Nf6 13. Bh3 h5 14. g3 Ng4 15. Bxg4 hxg4 16. Qe2 Bd7 17. c5 Bc7 18. a4 Rf6 19. Nb1 Raf8 20. Nc3 Rf3 21. Nd1 Qh5 22. Bc3 Qh3 23. Be1 R8f6 0-1

[Event "Barcelona La Lira op 31st"]
[Site "Barcelona"]
[Date "2013.01.25"]
[Round "2"]
[White "Elias Arguelles, Manuel"]
[Black "Peiron Lluch, Jose Daniel"]
[Result "1/2-1/2"]
[WhiteElo "1725"]
[BlackElo "1985"]
[PlyCount "77"]
[EventDate "2013.01.18"]
[EventType "swiss"]
[EventRounds "8"]
[EventCountry "ESP"]
[SourceTitle "EXT 2014"]
[Source "ChessBase"]
[SourceDate "2013.11.20"]
[SourceVersion "1"]
[SourceVersionDate "2013.11.20"]
[SourceQuality "1"]

1. Nf3 d5 2. b3 c5 3. e3 Nc6 4. Bb2 Qc7 5. d4 Bg4 6. Be2 Nf6 7. Nbd2 e6 8. 0-0 Bd6 9. Ne5 Bxe2 10. Qxe2 a6 11. f4 0-0 12. c4 Rfe8 13. Qf3 cxd4 14. exd4 Rad8 15. c5 Be7 16. a3 b6 17. b4 bxc5 18. bxc5 Rb8 19. Bc3 Rb7 20. Rab1 Reb8 21. Rxb7 Rxb7 22. Qd3 Nb8 23. Rb1 Ne8 24. g3 f6 25. Nef3 Qc6 26. Rb3 Rxb3 27. Nxb3 Qa4 28. Bb2 Nc7 29. Nbd2 Nc6 30. Qb3 Qxb3 31. Nxb3 Kf8 32. Kf2 Bd8 33. Ke3 a5 34. Kd3 Nb5 35. Na1 Ke7 36. Nc2 Kd7 37. a4 Nc7 38. Kc3 Na6 39. Kb3 1/2-1/2

[Event "Barcelona Primavera La Lira op 5th"]
[Site "Barcelona"]
[Date "2012.05.03"]
[Round "3"]
[White "Alvarez Garmendia, Jose Maria"]
[Black "Elias Arguelles, Manuel"]
[Result "1/2-1/2"]
[WhiteElo "1630"]
[BlackElo "1798"]
[PlyCount "92"]
[EventDate "2012.04.19"]
[EventType "swiss"]
[EventRounds "9"]
[EventCountry "ESP"]
[SourceTitle "CBM 148 Extra"]
[Source "ChessBase"]
[SourceDate "2012.06.22"]
[SourceVersion "1"]
[SourceVersionDate "2012.06.22"]
[SourceQuality "1"]

1. e4 c6 2. c4 d5 3. cxd5 cxd5 4. exd5 Qxd5 5. Nc3 Qd8 6. Bb5+ Bd7 7. Nf3 Nf6 8. d4 Bxb5 9. Nxb5 Qa5+ 10. Nc3 e6 11. 0-0 Be7 12. Qb3 Qc7 13. Nb5 Qb6 14. Be3 a6 15. Nc3 Qxb3 16. axb3 0-0 17. Ne5 Nbd7 18. Bg5 Bd6 19. Rfe1 Bc7 20. Bf4 Nxe5 21. dxe5 Nh5 22. Bc1 g6 23. g4 Ng7 24. Bg5 Bd8 25. Bf6 h5 26. h3 Ne8 27. g5 Nxf6 28. gxf6 Bb6 29. Ne4 Bd4 30. Nd6 Bxb2 31. Rad1 Rad8 32. Re3 Ba3 33. Red3 b6 34. Kg2 Bc5 35. Kf3 Rd7 36. Ne4 Rxd3+ 37. Rxd3 Rc8 38. Rd7 a5 39. Ng5 Rf8 40. Ke2 Bb4 41. Kd3 Bc5 42. f3 Bb4 43. Kc4 Bc5 44. Kd3 Bb4 45. Ke2 Bc5 46. Rb7 Bg1 1/2-1/2

[Event "Barcelona Primavera La Lira op 5th"]
[Site "Barcelona"]
[Date "2012.04.26"]
[Round "2"]
[White "Elias Arguelles, Manuel"]
[Black "Sobrevia Castellar, Lluis"]
[Result "0-1"]
[WhiteElo "1798"]
[BlackElo "1899"]
[PlyCount "130"]
[EventDate "2012.04.19"]
[EventType "swiss"]
[EventRounds "9"]
[EventCountry "ESP"]
[SourceTitle "CBM 148 Extra"]
[Source "ChessBase"]
[SourceDate "2012.06.22"]
[SourceVersion "1"]
[SourceVersionDate "2012.06.22"]
[SourceQuality "1"]

1. Nf3 f5 2. b3 d6 3. d4 Nf6 4. Nbd2 g6 5. Bb2 Bg7 6. e3 e6 7. c4 0-0 8. Bd3 Nc6 9. 0-0 Bd7 10. Re1 Re8 11. Bf1 e5 12. d5 Ne7 13. h3 h6 14. Qc2 Rf8 15. a4 Qe8 16. b4 Qf7 17. b5 g5 18. Ra3 Ng6 19. Nh2 h5 20. g3 Rae8 21. Bg2 h4 22. e4 hxg3 23. fxg3 Nh5 24. exf5 Bxf5 25. Ne4 Nf6 26. Nxf6+ Qxf6 27. Be4 Bxe4 28. Rxe4 Ne7 29. Rf3 Qg6 30. Qe2 Rf5 31. Bc1 Ref8 32. Ree3 Rxf3 33. Rxf3 Nf5 34. Qf2 Nd4 35. Rxf8+ Bxf8 36. Qd2 Be7 37. Kf2 Qf5+ 38. Kg2 Qe4+ 39. Kf2 Qh1 40. Ke3 Nb3 41. Qc2 Qxc1+ 42. Qxc1 Nxc1 43. Nf3 Kg7 44. g4 Nb3 45. Ke4 Kg6 46. Ke3 Nc5 47. a5 Nb3 48. Ke4 Nxa5 49. Kd3 Nb3 50. Ke4 Nc5+ 51. Ke3 a6 52. bxa6 bxa6 53. Nd2 Kf7 54. Ke2 Ke8 55. Kd1 Kd7 56. Kc2 c6 57. dxc6+ Kxc6 58. Kc3 d5 59. cxd5+ Kxd5 60. Nc4 Ne4+ 61. Kb3 Nf2 62. Ne3+ Ke4 63. Nf5 Bd8 64. h4 gxh4 65. Nxh4 Bxh4 0-1

[Event "Barcelona La Lira op 29th"]
[Site "Barcelona"]
[Date "2011.02.18"]
[Round "6"]
[White "Colom Andres, Xavier"]
[Black "Elias Arguelles, Manuel"]
[Result "1-0"]
[WhiteElo "1966"]
[BlackElo "1819"]
[PlyCount "63"]
[EventDate "2011.01.14"]
[EventType "swiss"]
[EventRounds "7"]
[EventCountry "ESP"]
[SourceTitle "EXT 2012"]
[Source "ChessBase"]
[SourceDate "2011.11.24"]
[SourceVersion "1"]
[SourceVersionDate "2011.11.24"]
[SourceQuality "1"]

1. d4 Nf6 2. c4 e5 3. dxe5 Ng4 4. Bf4 Bc5 5. e3 Nc6 6. Qxg4 g6 7. Qd1 Qe7 8. Nf3 h6 9. Nc3 g5 10. Bg3 h5 11. Nd5 Bb4+ 12. Nd2 Qd8 13. e6 d6 14. exf7+ Kf8 15. h3 Be6 16. a3 Ba5 17. b4 Bb6 18. Be2 Bxf7 19. Qc2 Rh6 20. Nf3 h4 21. Bh2 Ne5 22. Nxe5 dxe5 23. Nxb6 Rxb6 24. Bxe5 Bg6 25. Qc3 Qe7 26. Bd4 Kf7 27. Bf3 Kg8 28. Bd5+ Kh7 29. Bxb6 cxb6 30. Rd1 Rd8 31. Qd4 Rd6 32. Bg8+ 1-0